| 000 | 00537cam a2200205ua 4500 | ||
|---|---|---|---|
| 001 | 3663 | ||
| 005 | 20260515113718.0 | ||
| 008 | 111126n ii |||gr||||Z||||||asm | ||
| 020 | _a81-86494-38-3 | ||
| 040 | _cMAIN | ||
| 082 | _a891.4514 | ||
| 100 | 1 |
_aBhattacharyya, Nalinidhar, _eEditor., |
|
| 245 | 1 | 1 |
_aPrasanga : _bsamalochana / _ced. by Nalinidhar Bhattacharyya |
| 250 | _a1st. | ||
| 260 |
_aGuwahati: _bStudents stores,996. |
||
| 300 |
_a170p: _c23cm. |
||
| 653 | _aAssamese literature | ||
| 653 | _aPrasanga | ||
| 942 | _cBK | ||
| 999 |
_c3490 _d3490 |
||